| 000 | 01161cad a22002175a 4500 | ||
|---|---|---|---|
| 001 | L158318 | ||
| 008 | 130501s2013 xxk ofs 000 0 eng d | ||
| 035 | _a(Sirsi) u158318 | ||
| 041 | 0 | _aeng | |
| 110 | 2 |
_aRoyal Institution of Chartered Surveyors _94900 |
|
| 245 | 0 | 4 |
_aThe global infrastructure challenge: _bThe role of PPP in a new financial and economic paradigm _h[electronic resource] |
| 260 |
_aLondon _bRICS _c2013 |
||
| 490 | _aRICS Research | ||
| 520 | _aProvides an updated position on the global Public Private Partnership (PPP) market and the role PPP could occupy in redressing the global infrastructure investment gap. Considers the prospects for PPP in five key markets the US, Canada, UK, India and Australia. Outlines the increasingly urgent need for new investment models, better data analysis and increased capability in infrastructure delivery. | ||
| 650 | 2 | 4 | _aPUBLIC PRIVATE PARTNERSHIPS |
| 651 | 4 | _aInternational | |
| 690 |
_aInfrastructure _96246 |
||
| 700 | 1 | _aHaran, Martin | |
| 856 | 4 | 0 |
_uhttps://www.rics.org/Global/Global_Infrastructure_Challenge_301013_dwl_aj.pdf _zView the item free of charge at www.rics.org |
| 942 | _n0 | ||
| 999 |
_c115262 _d115262 |
||